<?xml version="1.0" encoding="UTF-8"?>
<marc:record xmlns:marc="http://www.loc.gov/MARC21/slim">
   <marc:leader>00000nam a2200000 a 4500</marc:leader>
   <marc:datafield ind1="1" ind2=" " tag="100">
      <marc:subfield code="a">Hilberger, Oliver</marc:subfield>
      <marc:subfield code="4">aut</marc:subfield>
      <marc:subfield code="e">Verfasser/-in</marc:subfield>
   </marc:datafield>
   <marc:datafield ind1=" " ind2=" " tag="653">
      <marc:subfield code="a">Bodenarbeit mit dem Pferd</marc:subfield>
   </marc:datafield>
   <marc:datafield ind1=" " ind2=" " tag="653">
      <marc:subfield code="a">Pferd</marc:subfield>
   </marc:datafield>
   <marc:datafield ind1="0" ind2="0" tag="245">
      <marc:subfield code="a">Gymnastizierende Arbeit an der Hand</marc:subfield>
   </marc:datafield>
   <marc:datafield ind1="0" ind2="0" tag="245">
      <marc:subfield code="b">Schritt für Schritt zu Losgelassenheit und Selbstvertrauen</marc:subfield>
   </marc:datafield>
   <marc:datafield ind1="0" ind2="0" tag="245">
      <marc:subfield code="c">Oliver Hilberger</marc:subfield>
   </marc:datafield>
   <marc:datafield ind1=" " ind2="1" tag="264">
      <marc:subfield code="a">Lüneburg</marc:subfield>
      <marc:subfield code="b">Cadmos Verl.</marc:subfield>
      <marc:subfield code="c">2019</marc:subfield>
   </marc:datafield>
   <marc:datafield ind1=" " ind2=" " tag="250">
      <marc:subfield code="a">12. Aufl.</marc:subfield>
   </marc:datafield>
   <marc:datafield ind1="1" ind2=" " tag="520">
      <marc:subfield code="a">Dieses Buch führt Schritt für Schritt in die Grundlagen und ersten Lektionen vom Boden aus ein, die auch dazu dienen, die spätere Arbeit unter dem Sattel und die Schulung in schwierigeren Übungen deutlich leichter gestalten zu können. Aus dem Inhalt: Für die Dressurausbildung des Pferdes ist die klassische Arbeit an der Hand ein sehr wertvolles, leider jedoch oft unterschätztes und deshalb viel zu selten angewandtes Mittel. Dieses Buch führt Schritt für Schritt in die Grundlagen und ersten Lektionen ein, die auch dazu dienen, die spätere Arbeit unter dem Sattel und die Schulung in schwierigeren Übungen deutlich leichter gestalten zu können. Oliver Hillberger erläutert systematisch Schritt für Schritt den Weg zur korrekten und spielerisch leichten Ausbildung des Pferdes vom Boden aus. Ein besonderer Schwerpunkt liegt auf der Beschreibung der Seitengänge, denen für die Gymnastizierung und Vorbereitung auf schwere Lektionen eine zentrale Rolle zukommt. Die Bilder lassen die schriftlichen Erläuterungen hervorragend nachvollziehen und stellen dank besonderer Bildtechnik auch Bewegungsabfolgen anschaulich dar. - Die Aufgaben der Handarbeit - Die Ausrüstung - Basisarbeit - Das Pferd in Bewegung - Seitengänge - Weiterführende Arbeit</marc:subfield>
   </marc:datafield>
   <marc:datafield ind1=" " ind2=" " tag="020">
      <marc:subfield code="a">9783861274490</marc:subfield>
      <marc:subfield code="9">9783861274490</marc:subfield>
   </marc:datafield>
   <marc:datafield ind1=" " ind2=" " tag="020">
      <marc:subfield code="a">3861274493</marc:subfield>
      <marc:subfield code="9">3861274493</marc:subfield>
   </marc:datafield>
   <marc:datafield ind1=" " ind2=" " tag="500">
      <marc:subfield code="a">M.Abb.</marc:subfield>
   </marc:datafield>
   <marc:datafield ind1=" " ind2=" " tag="300">
      <marc:subfield code="a">158 S.</marc:subfield>
   </marc:datafield>
</marc:record>
